| 000 -ლიდერი |
| ფიქსირებული სიგრძის საკონტროლო ველი |
00695nam a2200193Ia 4500 |
| 001 - საკონტროლო ნომერი |
| საკონტროლო ველი |
6062 |
| 003 - საკონტროლო ნომრის იდენტიფიკატორი |
| საკონტროლო ველი |
GE_BSU |
| 005 - ბოლო ოპერაციის თარიღი და დრო |
| საკონტროლო ველი |
20190920115514.0 |
| 008 - ფიქსირებული სიგრძის მონაცემთა ელემენტები - ზოგადი ინფორმაცია |
| ფიქსირებული სიგრძის საკონტროლო ველი |
181216s1964||||ge |||||||||||||| ||geo|| |
| 040 ## - კატალოგიზაციის წყარო |
| Transcribing agency |
GE_BSU |
| 080 ## - უნივერსალური ათობითი კლასიფიკაციის ინდექსი |
| Universal Decimal Classification number |
821.353.1-1 ა-76 |
| 100 ## - მთავარი ჩანაწერი - პიროვნების სახელი |
| Personal name |
არაბული, ირ. |
| 9 (RLIN) |
4177 |
| 245 ## - ცნობა სათაურის შესახებ |
| Title |
ლექსები / |
| Statement of responsibility, etc |
ირ. არაბული ; რედ. ილ. ხოშტარია. |
| 264 ## - წარმოების, გამოცემის, დისტრიბუციის და სხვა ცნობები |
| გამოცემის, წარმოების, დისტრიბუციის... ადგილი |
თბილისი : |
| გამოცემის, წარმოების, დისტრიბუციის... სახელწოდება |
საბჭოთა საქართველო ; |
| გამოცემის, წარმოების, დისტრიბუციის... თარიღი |
1964. |
| 300 ## - ფიზიკური აღწერა |
| Extent |
36 გვ. ; |
| Dimensions |
15 სმ. |
| 653 ## - INDEX TERM--UNCONTROLLED |
| Uncontrolled term |
ლექსები |
| 700 ## - ADDED ENTRY--PERSONAL NAME |
| Personal name |
ხოშტარია, ილ. |
| Relator term |
რედაქტორი |
| 9 (RLIN) |
4170 |
| 942 ## - ADDED ENTRY ELEMENTS (KOHA) |
| Koha item type |
წიგნი |
| Source of classification or shelving scheme |
|